Breathe lyrics - Statistics

General Stats
  • This quiz has been taken 85 times
  • The average score is 242 of 298
Answer Stats
Lyrics % Correct
a
100%
I
100%
But
97%
but
97%
to
97%
you
97%
you,
97%
breathe,
95%
Breathe,
95%
can't,
95%
and
92%
And
92%
have
92%
it
92%
my
92%
your
92%
me
89%
without
89%
is
86%
it's
86%
It's
86%
we
86%
as
84%
be
84%
in
84%
just
84%
know
84%
like
84%
no
84%
the
84%
You're
84%
are
81%
'cause
81%
don't
81%
go
81%
not
81%
this
81%
this,
81%
what
81%
a.m.
78%
'Cause
78%
for
78%
from
78%
here
78%
never
78%
Never
78%
of
78%
see
78%
hand,
76%
mind
76%
one
76%
out
76%
that
76%
us
76%
was
76%
all
73%
around
73%
back
73%
face
73%
Feelin'
73%
none
73%
only
73%
after
70%
away,
70%
easy
70%
easy,
70%
end
70%
fall
70%
gonna
70%
our
70%
save
70%
say
70%
thing
70%
thought
70%
two
70%
way
70%
doesn't
68%
down
68%
Every
68%
friend
68%
hurt
68%
lost
68%
movie,
68%
sad
68%
simple,
68%
time
68%
wanna
68%
wanted
68%
ain't
65%
break,
65%
clean
65%
drive
65%
kinda
65%
Nothing
65%
Now
65%
People
65%
people
65%
sometimes
65%
work
65%
change
62%
killing
62%
minds
62%
really
62%
tragedy
62%
bring
59%
ending
59%
Hope
59%
tried
59%
little
57%
Music
57%
playin'
57%
road
57%
starts
57%
bump
54%
it'll
54%
swerve
51%
Sorry,
46%
sorry
46%
No matching quizzes found
Score Distribution
Percent of People with Each Score
Percentile by Number Answered
Your Score History
You have not taken this quiz